000 00918cac a2200301 i 4500
003 EG-GICUC
005 20260121101538.0
008 070509s1996 enk fr 000 0 eng d
040 _aEG-GICUC
_cEG-GICUC
_dEG-GICUC
_beng
_erda
082 0 4 _221
_a343.1
092 0 4 _221
099 _aLaw 10 1996
100 1 _aGarsia, Marston.
245 1 0 _aCriminal law in a nutshell /
_cby Marianne Giles.
250 _a4th edition.
300 _a141 page ;
_c21 cm.
336 _atext
_btxt
_2rdacontent
337 _aunmediated
_bn
_2rdamedia
338 _avolume
_bnc
_2rdacarrier
490 _3Nutshells
500 _aIncludes index.
650 0 _aCriminal law
_zGreat Britain
_xOutlines, syllabi, etc.
650 0 _aLaw
_xExaminations, questions, etc.
856 4 0 _uhttps://fll.law.cu.edu.eg/fulltext/bks/ENGB10-00090.pdf
905 _a10
942 _2ddc
_cBK
_e21
_n0
999 _c52530
_d52530